Thinking in Time <The> Uses of History for Decision-Makers

Gespeichert in:
Bibliographische Detailangaben
1. Verfasser: Neustadt, Richard E.
Weitere Verfasser: May, Ernest R.
Format: Buch
Sprache:Englisch
Veröffentlicht: New York The Free Press 1986
Ausgabe:1. ed.
Schlagworte:
Tags: Tag hinzufügen
Keine Tags, Fügen Sie das erste Tag hinzu!

MARC

LEADER 00000nam a2200000 4500
001 c019384
005 20221207074239.1
020 |a 0-02-922790-9 
041 0 |a eng 
044 |a US 
245 1 0 |a Thinking in Time  |b <The> Uses of History for Decision-Makers  |c Richard E. Neustadt, Ernest R. May 
250 |a 1. ed. 
264 1 |a New York  |b The Free Press  |c 1986 
300 |a 329 s. 
610 2 0 |a manažment 
610 2 0 |a riadenie administratívne 
610 2 0 |a vláda 
610 2 0 |a úrady 
610 2 0 |a rozhodovanie 
610 2 0 |a metódy rozhodovania 
610 2 0 |a história 
610 2 0 |a politika 
610 2 0 |a politika medzinárodná 
610 2 0 |a politika vnútorná 
610 2 0 |a štúdie prípadové 
610 2 0 |a vzťahy politické medzinárodné 
100 1 |a Neustadt, Richard E. 
700 1 |a May, Ernest R.